Development Control statistics (Record no. 116991)
[ view plain ]
| 000 -LEADER | |
|---|---|
| fixed length control field | 01061cam a2200205 4500 |
| 001 - CONTROL NUMBER | |
| control field | WB4005-15 |
| 008 - FIXED-LENGTH DATA ELEMENTS--GENERAL INFORMATION | |
| fixed length control field | 040204n2004 000 0 eng u |
| 035 ## - SYSTEM CONTROL NUMBER | |
| System control number | (Sirsi) u125017 |
| 245 ## - TITLE STATEMENT | |
| Title | Development Control statistics |
| 260 ## - PUBLICATION, DISTRIBUTION, ETC. | |
| Date of publication, distribution, etc. | 2004 |
| 490 ## - SERIES STATEMENT | |
| Series statement | ODPM Statistical Release |
| Volume/sequential designation | (2004/0018), 30 January 2004(2) |
| 520 ## - SUMMARY, ETC. | |
| Summary, etc. | These statistics provide a overview of development control activities in England in 2002/03. There were 634 000 planning applications received by planning authorities over the year, which is the highest in 13 years. 52% of the applications decided were for householder developments, 14% of applications were refused, 23% of which resulted in an appeal. The statistics can be viewed at http://www.odpm.gov.uk/stellent/groups/odpm_contro l/documents/contentservertemplate/odpm_index.hcst? n=4288&l=2. http://www.odpm.gov.uk/pns/DisplayPN.cgi?pn_id=200 4_0018 |
| 590 ## - LOCAL NOTE (RLIN) | |
| Local note | WB |
| 590 ## - LOCAL NOTE (RLIN) | |
| Local note | WB |
| 650 ## - SUBJECT ADDED ENTRY--TOPICAL TERM | |
| Topical term or geographic name entry element | STATISTICS |
| 650 ## - SUBJECT ADDED ENTRY--TOPICAL TERM | |
| Topical term or geographic name entry element | PLANNING APPLICATIONS |
| 650 ## - SUBJECT ADDED ENTRY--TOPICAL TERM | |
| Topical term or geographic name entry element | DEVELOPMENT CONTROL |
| 690 ## - LOCAL SUBJECT ADDED ENTRY--TOPICAL TERM (OCLC, RLIN) | |
| Topical term or geographic name as entry element | PLANNING |
| 942 ## - ADDED ENTRY ELEMENTS (KOHA) | |
| Suppress in OPAC | 0 |
| Withdrawn status | Lost status | Source of classification or shelving scheme | Damaged status | Not for loan | Home library | Current library | Shelving location | Date acquired | Total Checkouts | Full call number | Barcode | Date last seen | Copy number | Price effective from | Koha item type |
|---|---|---|---|---|---|---|---|---|---|---|---|---|---|---|---|
| Dewey Decimal Classification | London | London | News article | 04/02/2004 | WB4005-15 | 125017-1001 | 06/08/2019 | 1 | 06/08/2019 | News article |